Ultimate LEGO ninjago quiz (up to season 7) - Statistics

General Stats
  • This quiz has been taken 445 times
  • The average score is 30 of 47
Answer Stats
Hint Answer % Correct
The lightning ninja Jay
99%
The fire ninja Kai
99%
The earth ninja Cole
98%
The green ninja Lloyd
98%
Who does Moro possess at the beginning of season 5 Lloyd
98%
The water ninja Nya
98%
The ice ninja Zane
98%
The sensei of the ninja Sensei Wu
91%
The dark lord Lord Garmadon
87%
The wife of the dark lord Misako
86%
The spirit that possessed the dark lord in season 2 The Overlord
86%
The leader of the serpentine in season 1 Pythor
82%
The main villain in season 4 Chen
76%
"Never put off until tomorrow, what can be done _____" Today
74%
What does Cole turn into in season 5 Ghost
73%
"Only ____ can remain" one
73%
Who is the robot in season 3 that becomes part of Zane in season 4 pixal
73%
The main villains daughter in season 4 Skylor
72%
The weapons the ninja used in season 1 The Golden Weapons
70%
The snake that bit Garmadon The Great Devourer
67%
The robots that attacked the ninja in season 3 The Nindroids
66%
What is Skylors element Amber
64%
The main villains assistant in season 4 Clouse
64%
Who rubs the lamp which the Gin comes out of Clouse
64%
The technique that allows you to spin on the ground Spinjitzu
63%
The technique which allows you to spin in the air Airjitzu
62%
The leader of the hypnobride Scales
62%
What breed of snakes do Chen and his army turn into The Anacondrai
61%
Who is the Gin in season six Nadakhan
60%
Who is the older brother out of the hands of time Krux
59%
The overlords army The Stone Army
59%
Who is the scientist first introduced in season 3 Cyrus Borg
57%
Who is the younger brother out of the brothers of time Acronix
54%
Who is Kai and Nyas Dad Ray
54%
The ship the ninja flew around The Destiny's Bounty
54%
Who is Kai and Nyas Mum Maya
53%
Sensei Wu's former student Moro
53%
What kingdom do the ninja go to, to get the sword of sanctuary The cloud Kingdom
53%
Who captures the ninja for the police in season 6 Ronin
51%
The realm Garmadon is in after season 4 The cursed realm
45%
Who was Nadakhans wife Delara
41%
Who is the Gins number two Flintlock
39%
The weapon Garmadon formed with the golden weapons The mega weapon
37%
The comic book character Jay is obsessed with Fritz Donnegan
33%
The school Lloyd used to go to Darkley's Boarding school for bad boys
12%
Where do the ninja go to try and get the realm crystal The first spinjitzu masters tomb
9%
Which spider do the ninja get venom from in order to kill the gin Tiger Widow Spider
9%
No matching quizzes found
Score Distribution
Percent of People with Each Score
Percentile by Number Answered
Your Score History
You have not taken this quiz